جسم الإنسان / (رقم التسجيلة. 22441)
[ عرض عادي ]
| 000 -LEADER | |
|---|---|
| fixed length control field | 00536nam a22001937a 4500 |
| 005 - DATE AND TIME OF LATEST TRANSACTION | |
| control field | 20251108165222.0 |
| 008 - FIXED-LENGTH DATA ELEMENTS--GENERAL INFORMATION | |
| fixed length control field | 250721s1969 xx 000 0 ara d |
| 082 14 - DEWEY DECIMAL CLASSIFICATION NUMBER | |
| Classification number | 612/جلم |
| 100 1# - MAIN ENTRY--PERSONAL NAME | |
| Personal name | جلمسر، برنارد |
| 245 10 - TITLE STATEMENT | |
| Title | جسم الإنسان / |
| 250 ## - EDITION STATEMENT | |
| Edition statement | ط3 |
| 264 1# - PRODUCTION, PUBLICATION, DISTRIBUTION, MANUFACTURE, AND COPYRIGHT NOTICE | |
| Place of production, publication, distribution, manufacture | القاهرة : |
| Name of producer, publisher, distributor, manufacturer | دار المعارف، |
| Date of production, publication, distribution, manufacture, or copyright notice | 1969. |
| 300 ## - PHYSICAL DESCRIPTION | |
| Extent | 101ص |
| 490 0# - SERIES STATEMENT | |
| Series statement | كل شئ عن ؛ 8 |
| 650 17 - SUBJECT ADDED ENTRY--TOPICAL TERM | |
| Topical term or geographic name as entry element | الفسيولوجيا |
| 700 1# - ADDED ENTRY--PERSONAL NAME | |
| Personal name | سلامه، صلاح الدين |
| Relator term | ترجمة |
| 942 ## - ADDED ENTRY ELEMENTS (KOHA) | |
| Source of classification or shelving scheme | Dewey Decimal Classification |
| Koha item type | كتب |
| حالة السحب | حالة الفقدان | مصدر التصنيف | حالة التلف | غير قابل للإعارة | المكتبة الرئيسية | المكتبة الحالية | موقع الرف | تاريخ التزويد | الرقم المتسلسل | Total Checkouts | رقم الإستدعاء | الباركود | تاريخ آخر ظهور | تاريخ الفاتورة | نوع المادة (كوها) |
|---|---|---|---|---|---|---|---|---|---|---|---|---|---|---|---|
| Dewey Decimal Classification | مكتبة الراية الهاشمية للأطفال | مكتبة الراية الهاشمية للأطفال | الأطفال | 06/01/2003 | 297055 | 612/جلم | PLD00351003 | 28/07/2025 | 06/01/2003 | كتب | |||||
| Dewey Decimal Classification | مكتبة صويلح العامة | مكتبة صويلح العامة | الأطفال | 27/07/2019 | 359194 | 612/جلم | PLD00459689 | 28/07/2025 | 27/07/2019 | كتب | |||||
| Dewey Decimal Classification | مكتبة وادي السير العامة | مكتبة وادي السير العامة | الأطفال | 03/11/2015 | 359186 | 612/جلم | PLD00361886 | 28/07/2025 | 03/11/2015 | كتب |